000 00309nam a22001337a 4500
008 170210b xxu||||| |||| 00| 0 eng d
020 _a9781883205324
041 _aeng
080 _22ED
_a61
100 _a4
101 _aSHM
245 _aCLINICIANS HANBOOK PREVENTIVE SERVICES
_cEARL FOX
942 _2udc
_cBK
999 _c5125
_d5125